000
00313 a2200145 4500
020
_a
2-04-011064-x
040
_a
ISPLB
082
_a
72
_b
72
100
_9
1190
_a
MOORE,CH
245
_a
L architecture sensible
260
_a
Paris ,
_b
Bordas
_c
1981.
300
_a
187p
650
_a
Arquitectura
942
_c
Livros
999
_c
2363
_d
2363